000 00307nam a2200121Ia 4500
008 191201s2009 xx 000 0 und d
100 _aSAXENA, Sanjay
245 0 _aFirst course in computers 2003
250 _aRep
260 _c2009
_bVikas Publication House
_aNEW DELHI
300 _amise.
942 _2ddc
_cBK
999 _c8046
_d8046